000 00380nam a22001451a 4500
020 _a9788170416517
082 _a301.03
_bBBS/E
245 _aEncyclopaedic dictionary of Sociology (v.4)/
_cby B B Sharma (ed.)
260 _aNew Delhi:
_bAnmol,
_c1992.
300 _a769-1064p.
650 _aDictionary Sociology
650 _aSociology
650 _aSocial Sciences
942 _cBK
999 _c13199
_d13199